000 00567nam a2200241 a 4500
001 nice12345678
003 IN_TiNIC
005 20260116013350.0
008 050524s1998 dela grp 000 0 eng
020 _a
_c550
082 0 0 _a297.63
_bIRV1
100 _aIrving, Washington
245 _aMohammed and Islam
260 _aDelhi
_bAryan Book
_c1998
300 _a270p
500 _aincludes index and biblioraphy
505 2 _aIndex
650 _aMuhammad, Prophet
700 1 _aIrving, Washington
902 _bSRS
942 _cBK
999 _c10722
_d10722